000 00330nam a2200133Ia 4500
005 20251222142007.0
008 251222s9999||||xx |||||||||||||| ||spa||
020 _a950-23-1268-6
082 _a370.1/H78
100 _aHoussaye, Jean
245 0 _aEducación y Filosofía:
264 _bUniversidad de Buenos Aires
942 _cLIB
999 _c10203
_d10203